000
00332nam a2200133Ia 4500
008
150201s2009 xx 000 0 und d
082
_a
611
_b
E09D
100
_a
DATTA,A.K.
245
_a
ESSENTIALS OF HUMAN ANATOMY V-3
250
_a
4TH
260
_b
CURRENT BOOK INT.
_a
DELHI
_c
2009
650
_a
HUMAN ANATOMY
942
_2
ddc
_c
BK
_0
11
999
_c
1085
_d
1085